• 首页
  • 本馆介绍
  • 公告通知
  • 最新文献
  • 馆藏检索
  • 电子资源
  • 读者导购
  • 参考咨询
  • 我的图书馆
  • 登录
  • 详细信息显示
  • 放入我的书架
  • 预约/预借图书
  • 作者相关作品
  • 分类相关作品
  • 丛书相关作品
  • 出版社相关作品

书目信息

  • 表格格式
  • 工作单格式
  • 卡片格式
题名:
很老很老的老偏方精选图典
    
 
作者: 徐峰 编著
分册:  
出版信息: 广州   广东科技出版社  2015
页数: 232页
开本: 24cm
丛书名: 大医生系列
单 册:
中图分类: R289.5-64 , R289.2-64
科图分类:
主题词: 土方--图集
电子资源:
ISBN: 978-7-5359-6413-7
000 00800nam0 2200241 450
001 2958
005 20161207091517.23
010    @a978-7-5359-6413-7@dCNY39.80
100    @a20160201d2015 em y0chiy50 ea
101 0  @achi
102    @aCN@b440000
105    @aa z 000yy
200 1  @a很老很老的老偏方精选图典@9hen lao hen lao de lao pian fang jing xuan tu dian@f徐峰编著
210    @a广州@c广东科技出版社@d2015
215    @a232页@d24cm
225 1  @a大医生系列
330    @a本书分为九章,内容包括:急性病症、内科病、外科病、五官科病、皮肤科病、妇产科病、男科病、亚健康症状和美容保健。
606 0  @a土方@j图集
690    @aR289.5-64@v5
690    @aR289.2-64@v4
701  0 @a徐峰@9xu feng@c(女)@4编著
801  0 @aCN@b大连网信软件有限公司图书馆·11@c20161207
905    @aZUCC@dR289.5-64@e372
    
    很老很老的老偏方精选图典/徐峰编著.-广州:广东科技出版社,2015
    232页;24cm.-(大医生系列)
    
    
    ISBN 978-7-5359-6413-7:CNY39.80
    本书分为九章,内容包括:急性病症、内科病、外科病、五官科病、皮肤科病、妇产科病、男科病、亚健康症状和美容保健。
●
相关链接 在E读中查询图书 在五车中查询图书 在当当中查询图书 在豆瓣中查询图书


正题名:很老很老的老偏方精选图典     索取号:R289.5-64/372         预约/预借

序号 登录号 条形码 馆藏地/架位号 状态 备注
1 912626   209126266   第二样本阅览室/ [索取号:R289.5-64/372] 在馆    
2 912627   209126275   第三借阅区/ [索取号:R289.5-64/372] 在馆    
3 912628   209126284   第三借阅区/ [索取号:R289.5-64/372] 在馆    
4 912629   209126293   第三借阅区/ [索取号:R289.5-64/372] 在馆    
唐山师范学院图书馆 欢迎您!
大连网信软件有限公司© 版权所有